Counties by Letter: P - Statistics

General Stats
  • This quiz has been taken 36 times
  • The average score is 75 of 181
Answer Stats
State County % Correct
Georgia | Nebraska | North Dakota | +2 others Pierce
87%
North Carolina Pitt
87%
Colorado | Montana | Wyoming Park
73%
Indiana Parke
73%
Texas Parker
73%
Alabama | Arkansas | Illinois | +7 others Perry
73%
Arizona Pima
73%
Minnesota Pine
73%
Arkansas | Florida | Georgia | +9 others Polk
73%
Maine Penobscot
67%
Pennsylvania Philadelphia
67%
Iowa | Massachusetts Plymouth
67%
Alabama | Arkansas | Georgia | +7 others Pike
60%
Arizona Pinal
60%
Oklahoma Pittsburg
60%
Rhode Island Providence
60%
Georgia Peach
53%
Indiana Porter
53%
Pennsylvania | South Dakota | Texas Potter
53%
Florida | Georgia | Illinois | +6 others Putnam
53%
Florida Pasco
47%
West Virginia Preston
47%
Virginia Prince Edward
47%
Arkansas | Georgia | Illinois | +4 others Pulaski
47%
New Jersey Passaic
40%
Kansas | Nebraska | Oklahoma Pawnee
40%
Texas Pecos
40%
Illinois Peoria
40%
Alaska | Virginia Petersburg
40%
Arkansas | Colorado | Kansas | Montana Phillips
40%
California Placer
40%
Missouri | Nebraska | Wyoming Platte
40%
Ohio | Wisconsin Portage
40%
Virginia Portsmouth
40%
Virginia Prince George
40%
Florida Palm Beach
33%
North Carolina Pamlico
33%
Nevada Pershing
33%
Florida Pinellas
33%
Iowa | West Virginia Pocahontas
33%
Kentucky | Montana Powell
33%
Arkansas | Montana Prairie
33%
Mississippi Prentiss
33%
Wisconsin Price
33%
Virginia Prince William
33%
Colorado Pueblo
33%
Washington Pacific
27%
Iowa | Virginia Page
27%
Georgia | Ohio Paulding
27%
Oklahoma Payne
27%
Missouri Pemiscot
27%
Kentucky | West Virginia Pendleton
27%
Washington Pend Oreille
27%
Minnesota | South Dakota Pennington
27%
Minnesota Pipestone
27%
Virginia Pittsylvania
27%
Louisiana Pointe Coupee
27%
Arkansas | Illinois | Minnesota Pope
27%
Idaho Power
27%
Kansas Pratt
27%
Texas Presidio
27%
Michigan Presque Isle
27%
Maryland Prince George's
27%
Iowa Palo Alto
20%
Texas Palo Pinto
20%
Texas Parmer
20%
North Carolina Pasquotank
20%
Virginia Patrick
20%
Idaho Payette
20%
North Carolina Pender
20%
Nebraska | South Dakota Perkins
20%
North Carolina Perquimans
20%
North Carolina Person
20%
Missouri Pettis
20%
Ohio Pickaway
20%
Alabama | Georgia | South Carolina Pickens
20%
Colorado Pitkin
20%
Utah Piute
20%
Louisiana Plaquemines
20%
Virginia Poquoson
20%
Iowa Pottawattamie
20%
Ohio Preble
20%
Mississippi | Texas Panola
13%
Missouri | Nebraska Phelps
13%
Illinois Piatt
13%
Tennessee Pickett
13%
California Plumas
13%
Mississippi | Oklahoma Pontotoc
13%
Indiana Posey
13%
Kansas | Oklahoma Pottawatomie
13%
Iowa Poweshiek
13%
Virginia Powhatan
13%
Alaska Prince of Wales-Hyder
13%
Mississippi Pearl River
7%
North Dakota Pembina
7%
Wisconsin Pepin
7%
Montana Petroleum
7%
Maine Piscataquis
7%
West Virginia Pleasants
7%
Arkansas Poinsett
7%
Montana Ponderra
7%
Montana Powder River
7%
Colorado Prowers
7%
Oklahoma Pushmataha
7%
No matching quizzes found
Score Distribution
Percent of People with Each Score
Percentile by Number Answered
Your Score History
You have not taken this quiz